The complete book of furniture restoration
| Main Author: | |
|---|---|
| Format: | Book |
| Published: |
London :
Bison Group ,
1980
|
| Subjects: |
MARC
| LEADER | 00000cam a2200000 7i4500 | ||
|---|---|---|---|
| 001 | 0000002985 | ||
| 002 | 000003231 | ||
| 005 | 20000330.0 | ||
| 020 | |a 0861240898 | ||
| 090 | 0 | 0 | |a 645.6 |b SAL |
| 100 | 1 | |a Salazar, Tristan | |
| 245 | 1 | 4 | |a The complete book of furniture restoration |c Tristan Salazar |
| 260 | |a London : |b Bison Group , |c 1980 | ||
| 300 | |a 160p. : |b ill. ; |c 24cm. | ||
| 650 | 0 | 0 | |a House furnishings |
| 650 | 0 | 0 | |a Interior decoration |
| 999 | |a 036542 |b BUKU |c PINJAMAN |e PERPUSTAKAAN KOMUNITI PETALING JAYA | ||